000 01975nam a22003375i 4500
001 155330
003 ES-MaACL
005 20250808063534.0
008 970623m18421852sp c |||| | spa d
040 _aCYL
_bspa
_cCYL
080 _a016:61(460)
080 _a61(460)(091)
100 1 _aHernández Morejón, Antonio,
_d1773-1836
_eaut
_9127901
245 1 0 _aHistoria bibliográfica de la medicina española /
_cobra póstuma de D. Antonio Hernández Morejón
260 _aMadrid :
_b[s.n.],
_c1842-1852
_f(Imp. de la Viuda de Jordán e Hijos)
300 _a7 volúmenes :
_bretratos ;
_c20 cm
490 1 _aBiblioteca escogida de medicina y cirugía o Colección de las mejores obras de esta ciencia
_v17-23
_9241606
530 _aDisponible en formato digital
596 1 _aVol. VI editado por: Imp. a cargo de Celestino G. Álvarez
_aVol. VII editado por: Imp. a cargo de José Rodríguez
_aEn todos los volúmenes ha sido recortado el nombre del impresor y en el v. I se ha reintegrado un pie de imp. que no corresponde a la obra
597 1 _aVol. I (399 páginas, [1] hoja de lámina) - v. II (381 páginas) - v. III (426 páginas, [1] hoja de lámina) - v. IV (382 páginas, [1] hoja de lámina) - v. V (388 páginas) - v. VI (484 páginas) - v. VII (438 páginas)
599 1 _aLáminas: grabados litográficos "Lit. de J. Aragón. Leopoldo López lo lit.", retratos del autor, Vallés y Laguna
650 4 _aMedicina-
_zEspaña-
_vBibliografías
_914902
650 4 _aMedicina-
_zEspaña-
_vHistoria
_914903
655 7 _aBibliografías
_2tgfbne
_9226825
830 0 _aBiblioteca escogida de medicina y cirugía o Colección de las mejores obras de esta ciencia
_9241606
852 _aES-MaACL
_cSPP3
_jG-15282-88
_xHolandesa
856 4 _uhttps://bdh-rd.bne.es/viewer.vm?id=0000140939&page=1
_yVersión en línea
_z(Biblioteca Digital Hispánica)
942 _2udc
_cMONANT
_n0
999 _c155330
_d155330